000 00604nam a2200229Ia 4500
003 OSt
005 20221007074848.0
006 a|||||r|||| 00| 0
007 ta
008 221006b |||||||| |||| 00| 0 eng d
024 _a12,425
037 _cTextual
040 _aFLL
_cFLL
_beng
041 _2eng
_aeng
082 _aV2:91.N7, L7
100 _aGupta A. Au.
_9693256
245 0 _aRevolution through ballot
260 _aNew Delhi
_bAnkur publishing house India
_c1977
300 _a163p
_ccm.
942 _hV2:91.N7, L7
_cTEXL
_2CC
999 _c1153945
_d1153945